000 01044nam a2200253 i 4500
001 54868
003 ES-MaACL
005 20250808073458.0
007 t|
008 960726m18861891fr ||||1| fre d
100 1 _aGambetta, Leon.
_953756
245 1 0 _aDépêches, circulaires, décrets, proclamations et discours de Léon Gambetta :
_b(4 Septembre 1870-6 Février 1871) /
_cpubliés par M. Joseph Reinach.
250 _aEd. définitive.
260 _aParis :
_bG. Charpentier et Cie.,
_c1886-1891 (
_fTyp. Georges Chamerot)
300 _a2 v. (IV, 528 ; IV, 536 p.) ;
_c22 cm.
530 _aDisponible en formato digital.
651 7 _aFrancia-
_xPolítica y gobierno-
_y1848-1870
_2
_9172896
651 4 _aFrancia-
_xHistoria-
_y1848-1870.
_9141388
700 1 _aReinach, Joseph.
_996038
852 4 _aES-MaACL
_jF-11102-03
856 4 _uhttps://archive.org/details/dpchescirculaire01gamb
_zInternet Archive
_z(V. 1)
856 _uhttps://archive.org/details/dpchescirculaire02gamb
_zInternet Archive
_z(V. 2)
999 _c54868
_d54868